A bibliography on moving-free boundary problems for the heat-diffusion equation : the Stefan problem /
Guardado en:
| Autor Principal: | |
|---|---|
| Formato: | Libro |
| Idioma: | English |
| Publicado: |
Firenze :
[s.n.],
1988.
|
| Etiquetas: |
Agregar Etiqueta
Sin Etiquetas, Sea el primero en etiquetar este registro!
|
| LEADER | 00588nam a22001455a 4500 | ||
|---|---|---|---|
| 001 | MAT.inmabb006752 | ||
| 008 | 120920s1988####it#######b####000#0#eng#d | ||
| 005 | 20120925161052.0 | ||
| 245 | 1 | 2 | |a A bibliography on moving-free boundary problems for the heat-diffusion equation : |b the Stefan problem / |c by Domingo Alberto Tarzia. |
| 260 | |a Firenze : |b [s.n.], |c 1988. | ||
| 300 | |a 103 p. ; |c 30 cm. | ||
| 500 | |a "Progetto Nazionale M.P.I. 'Equazione di evoluzione e applicazioni fisico-matematiche'". | ||
| 100 | 1 | |a Tarzia, Domingo Alberto. | |
| 084 | |a 35R35 |2 msc2000 | ||
| 859 | |h 35 |i T196b |p A-6881 |b BIB. MATEMATICA | ||
